| 000 | 00565nam a22001817a 4500 | ||
|---|---|---|---|
| 999 |
_c207419 _d207419 |
||
| 005 | 20210809125111.0 | ||
| 008 | 210809b ||||| |||| 00| 0 eng d | ||
| 020 | _a08973934016 | ||
| 040 |
_aUnza _cUnza |
||
| 050 |
_aRA 776 AXT _b2003 |
||
| 100 | _aPeter Axt | ||
| 245 |
_aThe joy of laziness : _bWhy life is better slower -and how to get there _cPeter Axt and Michaela Axt-Gadermann |
||
| 260 |
_aCalifornia _bHunter house Inc _c2003 |
||
| 300 | _avi, 154p. | ||
| 504 | _aIncludes index and bibiliographical references | ||
| 650 | _aLongevity | ||
| 942 | _cBOOK | ||